| 000 | 00925nam a22002417a 4500 | ||
|---|---|---|---|
| 999 |
_c17230 _d17230 |
||
| 003 | AR-CdUCM | ||
| 008 | 190507b ||||| |||| 00| 0 spa d | ||
| 040 |
_aMUNICIPALIDAD PROVINCIAL DEL CUSCO _cBIBLIOTECA MUNICIPAL DEL CUSCO |
||
| 082 |
_a985.004 / _bL66 |
||
| 100 |
_aUniversidad Nacional Mayor de San Marcos _937115 |
||
| 245 | _aBreve introducción al estudio de la realidad nacional / | ||
| 260 |
_aLima : _bLa Universidad, _c1963. |
||
| 300 |
_a211 páginas ; _c18 cm. |
||
| 505 | _aContenido: Aspecto económico -- Aspecto social -- Aspecto político -- Aspecto educativo -- Aspecto cultural. | ||
| 650 |
_aEducación _9460 |
||
| 650 |
_aPerú _935 |
||
| 650 |
_aCondiciones económicas _91989 |
||
| 650 |
_aCondiciones sociales _91132 |
||
| 650 |
_aSiglo XX. _98 |
||
| 710 |
_aFacultad de Educación. Departamento de Orientación y Asistencia Social _937116 |
||
| 942 |
_2ddc _cLIBROS |
||
| 945 |
_aacv _d2019-05-07 |
||